Pla de concertació : catàleg de suport als serveis i a les activitats locals 2010 catàleg de suport als serveis i a les activitats locals 2010
Descripción Física:
245 pàgines : il·lustracions ; 30 cm
Idioma:
Catalán
MARC
| LEADER | 00000nam a2200000uc 4500 | ||
|---|---|---|---|
| 001 | 26113 | ||
| 008 | 220630b spa||||| |||| 00| 0 cat d | ||
| 017 | |a DL B-44885-2009 | ||
| 080 | |a Bib-751 | ||
| 245 | 0 | 0 | |a Pla de concertació : |b catàleg de suport als serveis i a les activitats locals 2010 |
| 260 | |a Barcelona : |b Diputació de Barcelona. Servei de Govern Local, |c 2009 | ||
| 300 | |a 245 pàgines : |b il·lustracions ; |c 30 cm | ||
| 610 | 1 | 0 | |a Barcelona (Catalunya : Província). |9 53681 |b Diputació |v Catàlegs |
| 710 | |9 12081 |a Barcelona (Catalunya : Província). |b Servei de Govern Local | ||
| 942 | |c ARXIU |2 udc |n 1 | ||
| 952 | |0 0 |1 0 |4 0 |6 BIB751 |7 1 |9 62601 |a Arxiu |b Arxiu |d 2022-06-30 |l 0 |o Bib-751 |p 26113 |r 2022-06-30 00:00:00 |w 2022-06-30 |y ARXIU | ||
| 999 | |c 82166 |d 82166 | ||